Filmographie d'Édouard Baer - Statistiques

Statistiques générales
  • Ce quiz a été pris 10 fois
  • Le résultat moyen est 5 sur 51
Statistiques - réponses
Réponse % Correct
Astérix et Obélix : Mission Cléopâtre
100%
Adieu Paris
50%
Astérix et Obélix : Au service de sa Majesté
50%
Turf
50%
Cravate club
33%
La Lutte des classes
33%
Le Bison (et sa voisine Dorine)
33%
Daaaaaalí !
17%
Encore heureux
17%
La Bonne Épouse
17%
Mademoiselle de Jonquières
17%
Mensonges et trahisons et plus si affinités
17%
Mon pote
17%
Ouvert la nuit
17%
À boire
0%
Akoibon
0%
Betty Fisher et autres histoires
0%
Black Snake
0%
Caméléons
0%
Combien tu m'aimes ?
0%
Cupcakes
0%
Dieu est grand, je suis toute petite
0%
Double Zéro
0%
Fast
0%
Héroïnes
0%
HH, Hitler à Hollywood
0%
J'ai toujours rêvé d'être un gangster
0%
Je pense à vous
0%
La Bostella
0%
La Chambre des Magiciennes
0%
La Fille coupée en deux
0%
La Folie douce
0%
L'Appartement
0%
La Révolution française
0%
Le Grand Retournement
0%
Les Barons
0%
Les Brigades du Tigre
0%
Les Frères Soeur
0%
Les Invincibles
0%
Les Vacances de Noël
0%
Molière
0%
Passe-passe
0%
Poulet aux prunes
0%
Ra!
0%
Raoul Taburin a un secret
0%
Rien sur Robert
0%
Seuls Two
0%
Terror Firmer
0%
Un complot de saltimbanques
0%
Une exécution ordinaire
0%
Un monde à nous
0%
Aucun quiz correspondant
Distribution des résultats
% des personnes avec chaque résultat
Percentile par nombre de réponses
Votre historique - résultats
Vous n’avez pas pris ce quiz